| 000 | 00826cab a2200217 4500 | ||
|---|---|---|---|
| 001 | ABS55664 | ||
| 008 | 090401t1996 xxu||||| |||| 00| 0 eng d | ||
| 035 | _a(Sirsi) u17872 | ||
| 041 | _aeng | ||
| 245 | _aFocus `96: relocation | ||
| 260 | _c1996 | ||
| 350 | _a0 | ||
| 490 |
_aEstates Gazette _v(9633) 17 August 1996, 57-73(9fi |
||
| 520 | _aA series of articles on relocation including Pilkington Optronic`s timetabled move from Hayes to Staines; the importance of client care in attracting companies to new locations; the popularity of London as a corporate headquarters location and important factors to consider when considering relocating. | ||
| 650 | _aCLIENT CARE | ||
| 650 | _aHEADQUARTERS BUILDINGS | ||
| 650 | _aRELOCATION | ||
| 690 | _aPROPERTY-COMMERCIAL PROPERTY | ||
| 942 | _n0 | ||
| 948 | _c04/03/1997 | ||
| 999 |
_c11852 _d11852 |
||